Los migrantes del área metropolina de Puerto Príncipe: dos cosas que sabemos /
Uloženo v:
| Hlavní autor: | |
|---|---|
| Médium: | Text |
| Vydáno: |
San José, Costa Rica:
FLACSO Costa Rica
|
| Témata: | |
| Tagy: |
Přidat tag
Žádné tagy, Buďte první, kdo vytvoří štítek k tomuto záznamu!
|
MARC
| LEADER | 00000 a a2200000 04500 | ||
|---|---|---|---|
| 001 | 46281 | ||
| 003 | |||
| 040 | |||
| 020 | |a 9977-68-133-3 | ||
| 090 | |a 14.04.03 B668v | ||
| 100 | |a Lamaute-Brisson, Nathalie | ||
| 245 | |a Los migrantes del área metropolina de Puerto Príncipe: |b dos cosas que sabemos / |c Nathalie Lamaute-Brisson | ||
| 260 | |a San José, Costa Rica: |b FLACSO Costa Rica | ||
| 650 | |a URBANIZACION | ||
| 650 | |a MIGRACION RURAL URBANA | ||
| 650 | |a VIVIENDA URBANA | ||
| 650 | |a MIGRACION INTERNA | ||
| 650 | |a ASIMILACION DE MIGRANTES | ||
| 650 | |a REPUBLICA DOMINICANA | ||
| 650 | |a EMPLEO | ||
| 650 | |a MIGRACION INTERNA | ||
| 650 | |a INGRESO | ||
| 773 | |g páginas 217-252 | ||
| 999 | |c 35023 |d 35023 | ||



